|
|
|
|
| LEADER |
01272nam a2200289 a 4500 |
| 001 |
14105244 |
| 003 |
BD-DhAAL |
| 005 |
20221222141207.0 |
| 008 |
091025t2005 ii b 001 0 eng d |
| 999 |
|
|
|c 5206
|d 5206
|
| 010 |
|
|
|a 2005299844
|
| 020 |
|
|
|a 0195672283 (hbk.)
|
| 020 |
|
|
|a 9780195672282
|
| 040 |
|
|
|a UKM
|c UKM
|d TJC
|d DLC
|d BD-DhAAL
|
| 082 |
0 |
0 |
|a 351.54
|2 22
|
| 100 |
1 |
|
|a Maheshwari, Shriram.
|9 53130
|
| 245 |
1 |
0 |
|a Public administration in India :
|b the higher civil service /
|c S.R. Maheshwari.
|
| 260 |
|
|
|a New Delhi ;
|a New York :
|b Oxford University Press,
|c 2005.
|
| 300 |
|
|
|a viii, 287 pages ;
|c 22 cm.
|
| 504 |
|
|
|a Includes bibliographical references and index
|
| 541 |
1 |
|
|a Donated by Akbar Ali Khan
|e 00016416, 40316
|
| 650 |
|
0 |
|a Civil service
|z India.
|9 53131
|
| 650 |
|
0 |
|a Public administration
|z India.
|9 53132
|
| 852 |
4 |
|
|a Ayesha Abed Library
|j General Shelf
|
| 942 |
|
|
|2 ddc
|c BK
|
| 952 |
|
|
|0 0
|1 0
|2 ddc
|4 0
|6 351_540000000000000_MAH_2005
|7 0
|9 5053
|a BRACUL
|b BRACUL
|c GEN
|d 2009-11-08
|g 1095.00
|l 1
|m 1
|o 351.54 MAH
|p 3010016416
|r 2017-03-18
|s 2017-02-04
|t 1
|w 2009-11-08
|y BK
|
| 952 |
|
|
|0 0
|1 0
|2 ddc
|4 0
|6 351_540000000000000_MAH
|7 1
|9 72565
|a BRACUL
|b BRACUL
|c AAKC
|d 2022-12-22
|e Donated by Akbar Ali Khan
|g 988.00
|l 0
|o 351.54 MAH
|p 3010040316
|r 2022-12-22
|t 2
|v 988.00
|w 2022-12-22
|y BK
|